O velho, o rapaz e o burro (Registo nº 1579)

Detalhes MARC
000 -Etiqueta do registo
Cabeçalho 01002nam0a2200289 4500
005 - Identificador da versão
Campo de controlo 20240813121840.0
010 ## - Número internacional normalizado dos livros (ISBN)
Número (ISBN) 9789728516581
021 ## - Número do Depósito Legal
Código do país PT
Número 290714/09
003 - Persistent Record Identifier
control field http://porbase.bnportugal.pt/ipac20/ipac.jsp?profile=bn&uri=full=3100024~!1364098~!0
100 ## - Dados gerais de processamento
Dados gerais de processamento 20160628d2009 bc y0pory5003 ba
102 ## - Pais de publicação ou produção
País de publicação Portugal
101 1# - Língua de publicação
Língua do texto, banda sonora, etc. Português
Língua do documento no original Inglês
215 ## - Descrição física 
Indicação específica da natureza do documento e extensão da espécie 16 p.
Outras indicações físicas il. color
200 1# - Titulo e menção de responsabilidade
Título próprio O velho, o rapaz e o burro
Informação de outro título histórias de sempre reescritas e adaptadas por escritores e ilustradores portugueses
Primeira menção de responsabilidade reescrita e adaptação Margarida Braga
Outras menções de responsabilidade il. Ricardo Neto
225 2# - Colecção 
Título próprio da colecção Mini contos clássicos
Indicação de volume 15
205 ## - Menção da edição
Menção da edição 2ª ed
210 ## - Publicação, Distribuição, etc. 
Lugar da edição, distribuição, etc. Lisboa
Nome do editor, distribuidor, etc. Papa-Letras
Data da publicação, distribuição, etc. 2009
300 ## - Notas gerais 
Texto da nota Plano Nacional de Leitura
606 ## - Nome comum usado como assunto
Número de registo de entrada de autoridade 0002822
Palavra de ordem Literatura
Subdivisão de assunto Conto
Código do sistema CA
675 ## - Classificação Decimal Universal (CDU)
Notação 821-34
Edição 3ª ed.
Língua da edição por
702 #1 - Nome de autor-pessoa física (responsabilidade secundária)
Número de registo de entrada de autoridade 0003024
Palavra de ordem Braga
Outra parte do nome não tomada para palavra de ordem Margarida
Código de função Adaptador
Número de registo de entrada de autoridade 0003025
ID Autoridade 2
Palavra de ordem Neto
Outra parte do nome não tomada para palavra de ordem Ricardo
Código de função Ilustrador / Técnico de desenho computorizado
966 ## - Identificação da Biblioteca
Sigla EB2,3ENM
942 ## - Elementos de entrada adicionados (Koha)
Tipo de item no Koha Livro
Exemplares
Situação do levantamento Origin of item (home branch) (coded) Biblioteca de empréstimo Código de barras Cota Circulation type (not for loan) Tipo de documento Nota do exemplar Damaged status
  Biblioteca Escolar Eng. Nuno Mergulhão Biblioteca Escolar Eng. Nuno Mergulhão BENM2799 82LE-34 BRA PNL   Livro Sem mensagem